[Event "Befana SSM A"]
[Site "Milano ITA"]
[Date "2014.01.06"]
[Round "7"]
[White "Pelizzola, Danilo"]
[Black "Vezzosi, Paolo"]
[WhiteElo "2127"]
[BlackElo "2252"]
[Result "1-0"]
[PlyCount "119"]
[EventDate "2014.01.02"]

1. e4 c5 2. Nf3 Nc6 3. d4 cxd4 4. Nxd4 Qc7 5. Nc3 e6 6. Be3 Nf6 7. a3 d6 8. Bd3
Bd7 9. O-O Be7 10. Ncb5 Qb8 11. c4 Ne5 12. f3 O-O 13. Be2 Rc8 14. b3 a6 15. Nc3
b5 16. f4 Ng6 17. Qd2 Bd8 18. cxb5 axb5 19. b4 Bb6 20. Kh1 Qb7 21. Ndxb5 Bxb5
22. Bxb5 Bxe3 23. Qxe3 Rxc3 24. Qxc3 Qxb5 25. Rfc1 Nxf4 26. Qc6 Qb8 27. b5 Nd3
28. b6 Ne5 29. Qc7 Ne8 30. Qxb8 Rxb8 31. Rab1 Nd7 32. a4 Rxb6 33. Rxb6 Nxb6 34.
a5 Na8 35. Rc8 Nac7 36. a6 Kf8 37. a7 Ke7 38. Kg1 Kd7 39. Rb8 h5 40. Kf2 g6 41.
Kf3 e5 42. g4 hxg4+ 43. Kxg4 Ke7 44. Kf3 d5 45. exd5 f5 46. Rb7 Kd6 47. Rb6+
Kxd5 48. Rxg6 Nd6 49. h4 Ndb5 50. Rg7 Nxa7 51. Rxc7 Nb5 52. Rc8 Nd4+ 53. Kf2
Ke6 54. Re8+ Kf6 55. h5 Ne6 56. h6 Ng5 57. Rg8 Nh7 58. Rg7 Nf8 59. Ke2 Ne6 60.
Rg8 1-0

[Event "Befana SSM A"]
[Site "Milano ITA"]
[Date "2014.01.06"]
[Round "7"]
[White "Podetti, Davide"]
[Black "Lavorgna, Giovanni"]
[WhiteElo "1830"]
[BlackElo "1984"]
[Result "1/2-1/2"]
[PlyCount "82"]
[EventDate "2014.01.02"]

1. e4 c5 2. Nc3 d6 3. f4 Nc6 4. Nf3 g6 5. d3 Bg4 6. h3 Bxf3 7. Qxf3 Bg7 8. g3
e6 9. Bg2 Nge7 10. O-O O-O 11. Be3 Nd4 12. Qd1 Qd7 13. Rb1 Rac8 14. Ne2 Qa4 15.
Bxd4 cxd4 16. c4 Qxa2 17. b4 Qa6 18. Ra1 Qb6 19. Qa4 a6 20. Rfb1 Qc7 21. b5 Ra8
22. bxa6 Rxa6 23. Qb3 Rxa1 24. Rxa1 Nc6 25. Qb5 e5 26. c5 dxc5 27. Qxc5 Rc8 28.
Rc1 Ra8 29. fxe5 Qxe5 30. Qc4 Qa5 31. Nf4 Bh6 32. Rf1 Qc3 33. Qd5 Ra1 34. Rxa1
Qxa1+ 35. Kh2 Bxf4 36. gxf4 Qc1 37. Qd6 Qc3 38. e5 Qb4 39. Bxc6 Qd2+ 40. Kg3
Qe1+ 41. Kg2 Qe2+ 1/2-1/2

[Event "VII Trofeo Giovanni Pico A"]
[Site "Mirandola ITA"]
[Date "2014.01.10"]
[Round "1"]
[White "Albano, Axel"]
[Black "Sacchetti, Andrea"]
[WhiteElo "1631"]
[BlackElo "1890"]
[Result "0-1"]
[PlyCount "58"]
[EventDate "2014.01.10"]

1. d4 d5 2. Nf3 Nf6 3. Bf4 e6 4. Nbd2 Bd6 5. Bxd6 cxd6 6. e3 O-O 7. c4 dxc4 8.
Nxc4 Nc6 9. Qa4 a6 10. Qa3 b5 11. Ncd2 Bb7 12. Bd3 Nd5 13. Rc1 Rc8 14. O-O Qd7
15. Be4 Nde7 16. Nb3 Rc7 17. Nfd2 Rfc8 18. Na1 Nxd4 19. Rxc7 Ne2+ 20. Kh1 Qxc7
21. Bxb7 Qxb7 22. b4 Nc3 23. Rc1 Nxa2 24. Rc2 Rxc2 25. Nxc2 Qd5 26. Nf3 Qc4 27.
Qb2 Nd5 28. e4 Ndxb4 29. Nd2 Qxc2 0-1

[Event "VII Trofeo Giovanni Pico A"]
[Site "Mirandola ITA"]
[Date "2014.01.10"]
[Round "1"]
[White "Bianchin, Raffaele"]
[Black "Campini, Marco"]
[WhiteElo "1761"]
[BlackElo "2076"]
[Result "0-1"]
[PlyCount "146"]
[EventDate "2014.01.10"]

1. e4 c5 2. Nf3 d6 3. d4 cxd4 4. Nxd4 Nf6 5. Nc3 a6 6. Be3 Ng4 7. Bg5 h6 8. Bh4
g5 9. Bg3 Qa5 10. Qd2 Bg7 11. f3 Nf6 12. Bf2 Nc6 13. Rd1 Bd7 14. Bc4 Ne5 15.
Bb3 Rc8 16. Nd5 Qxd2+ 17. Rxd2 Nxd5 18. Bxd5 Rc7 19. c3 b5 20. Ke2 Bf6 21. Bg3
O-O 22. Bxe5 Bxe5 23. Bb3 a5 24. Nf5 Bxf5 25. exf5 Kg7 26. Bd5 Rd8 27. g3 Kf6
28. Be4 b4 29. cxb4 axb4 30. Rf1 Kg7 31. Rfd1 Rdc8 32. Rb1 h5 33. Kd1 Kf6 34.
Rc2 Rxc2 35. Bxc2 Ra8 36. Bb3 Ra5 37. Ke2 h4 38. Kf2 Bd4+ 39. Kg2 Rxf5 40. g4
Re5 41. Bc4 Re3 42. a3 bxa3 43. bxa3 Rxa3 44. Rb3 Ra2+ 45. Kh1 Ra1+ 46. Kg2
Rg1+ 47. Kh3 Rc1 48. Bd3 Be5 49. Ra3 e6 50. Ra2 d5 51. Rc2 Rd1 52. Be2 Rg1 53.
Rd2 Re1 54. Kg2 Bf4 55. Ra2 Be3 56. Bd3 Rg1+ 57. Kh3 Ke5 58. Rg2 Rd1 59. Bc2
Re1 60. Bd3 Kf4 61. Re2 Rg1 62. Rg2 Kxf3 63. Rxg1 Bxg1 64. Bg6 d4 65. Bxf7 e5
66. Bd5+ Ke3 67. Kg2 Bf2 68. Kf1 h3 69. Bc4 Bh4 70. Be2 e4 71. Bd1 d3 72. Ba4
Kd2 73. Bb3 e3 0-1

[Event "VII Trofeo Giovanni Pico A"]
[Site "Mirandola ITA"]
[Date "2014.01.10"]
[Round "1"]
[White "Castellari, Claudio"]
[Black "Modena, Giorgio"]
[WhiteElo "1637"]
[BlackElo "1932"]
[Result "1-0"]
[PlyCount "107"]
[EventDate "2014.01.10"]

1. d4 d5 2. c4 c6 3. Nf3 Nf6 4. e3 e6 5. Nc3 Be7 6. Qc2 Nbd7 7. b3 b6 8. Bb2
Bb7 9. Bd3 c5 10. cxd5 Nxd5 11. Nxd5 Bxd5 12. Be4 Nf6 13. Bxd5 Qxd5 14. dxc5
Rc8 15. Rd1 Qxc5 16. Qxc5 Rxc5 17. Ke2 Rc2+ 18. Rd2 Rxd2+ 19. Nxd2 Nd7 20. Rc1
Kd8 21. Nc4 f6 22. Rd1 Kc7 23. Rc1 Kb7 24. Rd1 Rd8 25. h3 Kc7 26. Ba3 Bxa3 27.
Nxa3 a6 28. Nc4 b5 29. Nb2 Nb8 30. Rxd8 Kxd8 31. Nd3 Kc7 32. Nf4 Kd6 33. Nh5
Nc6 34. Nxg7 Nb4 35. Ne8+ Ke7 36. a3 Nc2 37. Nc7 Nxa3 38. Nxa6 Kd6 39. Kd3 Kc6
40. Kc3 Kb6 41. Kb2 Kxa6 42. Kxa3 Ka5 43. b4+ Kb6 44. Kb3 Kc6 45. Kc3 Kd5 46.
Kd3 e5 47. e4+ Ke6 48. Ke3 Kf7 49. Kf3 Kg6 50. Kg4 h5+ 51. Kh4 Kh6 52. g4 hxg4
53. Kxg4 Kg6 54. f3 1-0

[Event "VII Trofeo Giovanni Pico A"]
[Site "Mirandola ITA"]
[Date "2014.01.10"]
[Round "1"]
[White "Cavicchi, Francesco"]
[Black "Guaragno, Michele"]
[WhiteElo "1705"]
[BlackElo "1965"]
[Result "1/2-1/2"]
[PlyCount "76"]
[EventDate "2014.01.10"]

1. d4 d5 2. Nf3 Nf6 3. e3 g6 4. c4 e6 5. Nc3 Bg7 6. Bd2 O-O 7. Qc2 Nc6 8. a3 a6
9. Be2 dxc4 10. Bxc4 b5 11. Be2 Bb7 12. O-O Qd6 13. Ng5 e5 14. Nce4 Nxe4 15.
Nxe4 Qd8 16. Nc5 Bc8 17. Bf3 Bf5 18. Qb3 Qe8 19. dxe5 Ra7 20. Bxc6 Qxc6 21.
Rac1 Qb6 22. e4 Be6 23. Qg3 Raa8 24. Be3 Qb8 25. f4 Re8 26. f5 Bc4 27. Nd7 Qb7
28. Rf4 Bxe5 29. Nxe5 Rxe5 30. fxg6 hxg6 31. Rh4 Rxe4 32. Bd4 Rxd4 33. Rxd4 Qb6
34. Rcd1 Re8 35. Qf2 Kg7 36. Rd7 Qc6 37. Qd4+ Kh7 38. Qh4+ Kg7 1/2-1/2

[Event "VII Trofeo Giovanni Pico A"]
[Site "Mirandola ITA"]
[Date "2014.01.10"]
[Round "1"]
[White "Di Biccari, Alessandro"]
[Black "Ballista, Massimiliano"]
[WhiteElo "1509"]
[BlackElo "1800"]
[Result "1/2-1/2"]
[PlyCount "55"]
[EventDate "2014.01.10"]

1. e4 e5 2. Nf3 Nc6 3. Bc4 Bc5 4. c3 Nf6 5. d4 exd4 6. cxd4 Bb4+ 7. Bd2 Bxd2+
8. Nbxd2 d5 9. exd5 Nxd5 10. Qb3 Be6 11. Qxb7 Ndb4 12. Bb5 O-O 13. Bxc6 Rb8 14.
Qxa7 Nxc6 15. Qc5 Nb4 16. O-O Nxa2 17. b3 Nb4 18. Ra7 c6 19. Ne5 Rb5 20. Nxc6
Nxc6 21. Qxc6 Rg5 22. Qc3 Bd5 23. f3 Qb6 24. Ra5 Qg6 25. Rf2 Re8 26. Ne4 Rh5
27. Ng3 Rg5 28. Ne4 1/2-1/2

[Event "VII Trofeo Giovanni Pico A"]
[Site "Mirandola ITA"]
[Date "2014.01.10"]
[Round "1"]
[White "Garofalo, Sergio"]
[Black "Ferronato, Christian"]
[WhiteElo "1789"]
[BlackElo "1503"]
[Result "1-0"]
[PlyCount "69"]
[EventDate "2014.01.10"]

1. d4 Nf6 2. Nf3 e6 3. e3 d5 4. Bd3 Bd6 5. Nbd2 Nbd7 6. b3 b6 7. Bb2 Bb7 8. Qe2
O-O 9. Ne5 c6 10. O-O Qc7 11. f4 Be7 12. g4 Ne8 13. g5 g6 14. Ndf3 Nd6 15. Ng4
f5 16. Nh6+ Kg7 17. h4 Ne4 18. Qh2 Rh8 19. Ne5 Nxe5 20. fxe5 c5 21. Bxe4 dxe4
22. c4 cxd4 23. exd4 Rhd8 24. Rad1 a6 25. Qf4 b5 26. d5 Bc5+ 27. Kh2 bxc4 28.
bxc4 a5 29. dxe6 Be7 30. Rd7 Rxd7 31. exd7 Kf8 32. Nxf5 Qxd7 33. Nd6+ Kg8 34.
Qf7+ Kh8 35. e6+ 1-0

[Event "VII Trofeo Giovanni Pico A"]
[Site "Mirandola ITA"]
[Date "2014.01.10"]
[Round "1"]
[White "Guzzetti, Luigi Enrico"]
[Black "Carbone, Lorenzo"]
[WhiteElo "1907"]
[BlackElo "1631"]
[Result "1-0"]
[PlyCount "79"]
[EventDate "2014.01.10"]

1. e4 c5 2. Nf3 d6 3. d4 cxd4 4. Nxd4 Nf6 5. Nc3 a6 6. Be2 e6 7. Be3 Be7 8. O-O
b5 9. a3 Bb7 10. f3 Nbd7 11. Qd2 Rc8 12. Rfd1 Qc7 13. Rac1 Ne5 14. Qe1 Nc4 15.
Bxc4 Qxc4 16. Qg3 O-O 17. Qf2 Qc7 18. Nb3 Nd7 19. Nd2 Bf6 20. Bd4 Be7 21. Ne2
d5 22. exd5 Bxd5 23. Nc3 Bb7 24. Nce4 e5 25. Be3 f5 26. Bg5 Nf6 27. Nxf6+ Rxf6
28. Qe2 Bc5+ 29. Be3 Rc6 30. Bxc5 Rxc5 31. c3 Qb6 32. Qf2 Qc7 33. Nb3 Rc4 34.
Rd2 Rd8 35. Rcd1 Rxd2 36. Qxd2 Qb6+ 37. Kf1 Rc8 38. Qd6 Qe3 39. Qe6+ Kh8 40.
Qxc8+ 1-0

[Event "VII Trofeo Giovanni Pico A"]
[Site "Mirandola ITA"]
[Date "2014.01.10"]
[Round "1"]
[White "Lambruschi, Daniele"]
[Black "Setti, Massimo"]
[WhiteElo "1482"]
[BlackElo "1785"]
[Result "0-1"]
[PlyCount "106"]
[EventDate "2014.01.10"]

1. e4 c6 2. Nf3 d5 3. exd5 cxd5 4. d4 Bg4 5. Bd3 e6 6. O-O Bd6 7. h3 Bh5 8. Re1
Nc6 9. Bg5 Bxf3 10. Bxd8 Bxd1 11. Bg5 Bh5 12. c3 Bg6 13. Bxg6 hxg6 14. Nd2 Kd7
15. Rad1 Nge7 16. Be3 Nf5 17. Nf3 Nxe3 18. fxe3 f6 19. b3 Ne7 20. c4 b6 21. Re2
Rac8 22. Rc2 Nf5 23. Re1 Ng3 24. Kf2 Ne4+ 25. Kg1 g5 26. Rec1 Rc6 27. cxd5 Rxc2
28. dxe6+ Kxe6 29. Rxc2 Kd7 30. Rc1 Rc8 31. Rd1 Rc2 32. Ne5+ Bxe5 33. dxe5+ Rd2
34. Rf1 Rxa2 35. exf6 gxf6 36. Rd1+ Rd2 37. Ra1 a5 38. h4 gxh4 39. Kh2 Rd3 40.
Kh3 Rxe3+ 41. Kxh4 Rxb3 42. Re1 b5 43. Kh5 Rb4 44. Kg6 a4 45. Kf5 a3 46. Rd1+
Ke7 47. Ra1 Ra4 48. Rb1 a2 49. Rxb5 a1=Q 50. Rb7+ Kd6 51. Rb6+ Kc5 52. Re6 Qf1+
53. Kg6 Qxg2+ 0-1

[Event "VII Trofeo Giovanni Pico A"]
[Site "Mirandola ITA"]
[Date "2014.01.10"]
[Round "1"]
[White "Moi, Roberto"]
[Black "Zuccaro, Guido"]
[WhiteElo "1934"]
[BlackElo "1702"]
[Result "0-1"]
[PlyCount "112"]
[EventDate "2014.01.10"]

1. d4 d5 2. c4 c6 3. Nf3 Nf6 4. Nc3 e6 5. Bg5 dxc4 6. e4 b5 7. e5 h6 8. Bh4 g5
9. Nxg5 hxg5 10. Bxg5 Nbd7 11. exf6 Bb7 12. Be2 Rg8 13. h4 Nxf6 14. Qd2 Be7 15.
Bf3 Nd5 16. Nxd5 cxd5 17. Bxe7 Qxe7 18. h5 O-O-O 19. Qa5 a6 20. O-O Qf6 21. Qc3
Rg5 22. Rfc1 Rdg8 23. Kf1 Qe7 24. a3 f6 25. Qe3 e5 26. dxe5 fxe5 27. Re1 Qc7
28. g3 Kb8 29. Qd2 d4 30. Qe2 Qd7 31. Bxb7 Qxb7 32. Qe4 Rxh5 33. Qxb7+ Kxb7 34.
Kg2 Kc6 35. Re4 Kd5 36. Ree1 e4 37. Rad1 a5 38. Kg1 b4 39. axb4 axb4 40. Ra1
Re5 41. Ra5+ Ke6 42. Ra4 Rb8 43. Kg2 Rbb5 44. Rh1 d3 45. Ra8 Kd5 46. Rd8+ Kc5
47. Rc8+ Kd4 48. Rc1 Rbc5 49. Rd8+ Red5 50. Rb8 d2 51. Rd1 Kd3 52. Ra8 c3 53.
bxc3 bxc3 54. Ra3 Ke2 55. Raa1 c2 56. Ra3 Kxd1 0-1

[Event "VII Trofeo Giovanni Pico A"]
[Site "Mirandola ITA"]
[Date "2014.01.10"]
[Round "1"]
[White "Paoli, Walter"]
[Black "Khudovekov, Nikolay"]
[WhiteElo "1999"]
[BlackElo "1733"]
[Result "1-0"]
[PlyCount "87"]
[EventDate "2014.01.10"]

1. e4 d6 2. d4 Nf6 3. Nc3 e5 4. dxe5 dxe5 5. Qxd8+ Kxd8 6. Be3 Bb4 7. O-O-O+
Ke8 8. Nge2 c6 9. f3 Be6 10. Kb1 Nbd7 11. a3 Ba5 12. Na4 Bc7 13. Nec3 b5 14.
Nc5 Nxc5 15. Bxc5 Nd7 16. Be3 Bb6 17. Bc1 a5 18. Na2 Ke7 19. b3 Bd4 20. Bd2
Rhd8 21. Be2 Nb6 22. Nc1 Bc5 23. Kb2 f6 24. Nd3 Bd6 25. Be3 Rab8 26. Nc5 Bf7
27. Rd2 a4 28. Rhd1 Nc8 29. Na6 Rb7 30. Nb4 Be8 31. Na6 axb3 32. cxb3 Nb6 33.
Bc5 Nc8 34. Bb4 Ra7 35. Nc5 Bf7 36. Bf1 Be8 37. g3 Bh5 38. Rd3 Bf7 39. Bh3 Nb6
40. Rxd6 Rxd6 41. Nb7 Rxb7 42. Rxd6 Ke8 43. Rxc6 Nd7 44. Rc8# 1-0

[Event "VII Trofeo Giovanni Pico A"]
[Site "Mirandola ITA"]
[Date "2014.01.10"]
[Round "1"]
[White "Ravagnani, Tiziano"]
[Black "Solinas, Roberto"]
[WhiteElo "1995"]
[BlackElo "1725"]
[Result "1-0"]
[PlyCount "37"]
[EventDate "2014.01.10"]

1. e4 c6 2. d4 d5 3. e5 Bf5 4. Nc3 e6 5. g4 Bg6 6. Nge2 c5 7. h4 cxd4 8. h5
dxc3 9. hxg6 cxb2 10. Bxb2 Nc6 11. Rxh7 Bb4+ 12. c3 Nxe5 13. Qa4+ Ke7 14. Qxb4+
Kf6 15. O-O-O Kxg6 16. Rxh8 Qg5+ 17. f4 Qxg4 18. fxe5 Qxb4 19. cxb4 1-0

[Event "VII Trofeo Giovanni Pico A"]
[Site "Mirandola ITA"]
[Date "2014.01.10"]
[Round "1"]
[White "Rondelli, Roberto"]
[Black "La Venia, Stefano"]
[WhiteElo "1729"]
[BlackElo "1997"]
[Result "1/2-1/2"]
[PlyCount "116"]
[EventDate "2014.01.10"]

1. d4 d5 2. c4 c6 3. g3 Nf6 4. Bg2 e6 5. Nf3 Bd6 6. O-O O-O 7. Qc2 Re8 8. Nbd2
Nbd7 9. e4 dxe4 10. Nxe4 Nxe4 11. Qxe4 e5 12. dxe5 Nxe5 13. Qc2 Qf6 14. Nxe5
Bxe5 15. Be4 h6 16. Rb1 Bh3 17. Re1 Bd4 18. Be3 Rad8 19. Bxd4 Qxd4 20. Bg2 Bg4
21. b3 Re5 22. Rxe5 Qxe5 23. Qe4 Qg5 24. Re1 Qd2 25. h3 Bf5 26. Qe2 Qc3 27. Rd1
Rxd1+ 28. Qxd1 Kh7 29. Qe2 Qb4 30. Be4 Bg6 31. Bxg6+ fxg6 32. h4 a5 33. Qc2 Qc5
34. Qd2 a4 35. Qc3 b5 36. bxa4 bxa4 37. a3 Qd6 38. Qc2 Qxa3 39. h5 Kg8 40. hxg6
Qb3 41. Qe4 Qd1+ 42. Kg2 Qd7 43. Qe5 Qc8 44. Qa5 Qe8 45. Qxa4 Qxg6 46. Qa8+ Kh7
47. Qa4 Qe4+ 48. Kf1 h5 49. Qb3 g5 50. c5 Kg6 51. Qg8+ Kf5 52. Qh7+ Ke5 53.
Qxh5 Qb1+ 54. Kg2 Qe4+ 55. Kh2 Qf5 56. Qe8+ Kd5 57. Qe3 Qh7+ 58. Kg2 Qe4+
1/2-1/2

[Event "VII Trofeo Giovanni Pico A"]
[Site "Mirandola ITA"]
[Date "2014.01.10"]
[Round "1"]
[White "Santamato, Luigi"]
[Black "Khudovekov, Stanislav"]
[WhiteElo "1743"]
[BlackElo "2036"]
[Result "0-1"]
[PlyCount "72"]
[EventDate "2014.01.10"]

1. d4 Nc6 2. c4 d6 3. Nc3 g6 4. e4 Bg7 5. Be3 Nf6 6. Be2 O-O 7. f4 e5 8. fxe5
dxe5 9. d5 Nd4 10. h3 c5 11. Nf3 Nh5 12. Qd2 Ng3 13. Rg1 Ndxe2 14. Nxe2 Nxe4
15. Qd3 Nd6 16. Qb3 b6 17. O-O-O Ba6 18. Nd2 f5 19. Qa4 Bxc4 20. Nxc4 b5 21.
Qa6 bxc4 22. Nc3 Qb6 23. Qa3 Rfc8 24. Na4 Qb5 25. Nxc5 c3 26. b3 Bf8 27. b4 Nc4
28. Qxc3 Nxe3 29. Qxe3 Bxc5 30. bxc5 Rxc5+ 31. Kd2 Rxd5+ 32. Ke1 Rxd1+ 33. Kxd1
Rd8+ 34. Ke1 Qb1+ 35. Kf2 Qxa2+ 36. Kg3 f4+ 0-1

[Event "VII Trofeo Giovanni Pico A"]
[Site "Mirandola ITA"]
[Date "2014.01.10"]
[Round "1"]
[White "Sasdelli, Massimo"]
[Black "Calcagnile, Alessandra"]
[WhiteElo "1842"]
[BlackElo "1548"]
[Result "1-0"]
[PlyCount "119"]
[EventDate "2014.01.10"]

1. c4 e5 2. g3 c6 3. d4 exd4 4. Qxd4 Nf6 5. Bg2 Bb4+ 6. Bd2 Qa5 7. Qd3 O-O 8.
a3 Bxd2+ 9. Nxd2 d5 10. b4 Qd8 11. Ngf3 h6 12. O-O Re8 13. e3 Ne4 14. Rad1 Bf5
15. cxd5 Nxg3 16. e4 Nxf1 17. exf5 Nxd2 18. Qxd2 cxd5 19. f6 Qxf6 20. Nd4 Nc6
21. Ne2 Re7 22. Nf4 Qg5 23. Nxd5 Re5 24. f4 Rxd5 25. Qxd5 Qxf4 26. Rf1 Qe3+ 27.
Kh1 Qe7 28. Qc4 Ne5 29. Qe4 Rb8 30. Re1 f6 31. Qd5+ Qf7 32. Qd6 Qf8 33. Bd5+
Kh8 34. Qxf8+ Rxf8 35. Bxb7 Rf7 36. Ba8 Rc7 37. b5 Nc4 38. a4 Nb6 39. Re8+ Kh7
40. Be4+ g6 41. a5 Nd7 42. Re7+ Kg8 43. Bxg6 Rc1+ 44. Kg2 Ne5 45. Be4 Rc5 46.
b6 axb6 47. axb6 Rb5 48. b7 Kf8 49. Rh7 Nf7 50. Bd5 Nd6 51. b8=Q+ Rxb8 52. Rh8+
Ke7 53. Rxb8 Nf5 54. Ba8 Ke6 55. Rb5 Nd6 56. Rh5 Nf7 57. Bd5+ Ke7 58. Bxf7 Kxf7
59. Rxh6 Kg7 60. Rh4 1-0

[Event "VII Trofeo Giovanni Pico A"]
[Site "Mirandola ITA"]
[Date "2014.01.10"]
[Round "1"]
[White "Vincenzi, Marco"]
[Black "Benedetti, Maurizio"]
[WhiteElo "2062"]
[BlackElo "1755"]
[Result "1-0"]
[PlyCount "51"]
[EventDate "2014.01.10"]

1. e4 c5 2. Nf3 d6 3. d4 cxd4 4. Nxd4 Nc6 5. Nc3 Nf6 6. Bg5 e6 7. Qd2 Be7 8.
O-O-O a6 9. f4 h6 10. Bh4 Nxe4 11. Nxe4 Bxh4 12. Nxc6 bxc6 13. Nxd6+ Kf8 14.
Be2 a5 15. Bf3 Qc7 16. Nxc8 Rxc8 17. Qd6+ Be7 18. Qxc7 Rxc7 19. Rd3 f6 20. Re1
Kf7 21. Rde3 g5 22. Rxe6 f5 23. Bh5+ Kf8 24. g3 gxf4 25. gxf4 Bd8 26. Re8+ 1-0

[Event "VII Trofeo Giovanni Pico A"]
[Site "Mirandola ITA"]
[Date "2014.01.11"]
[Round "2"]
[White "Benedetti, Maurizio"]
[Black "Albano, Axel"]
[WhiteElo "1755"]
[BlackElo "1631"]
[Result "0-1"]
[PlyCount "74"]
[EventDate "2014.01.10"]

1. e4 e6 2. d4 d5 3. Nd2 Nf6 4. e5 Nfd7 5. Bd3 c5 6. c3 Nc6 7. Ne2 Qb6 8. Nf3
h6 9. O-O Be7 10. Re1 Qd8 11. Nf4 Nb6 12. Nh5 g5 13. dxc5 Nd7 14. g4 Bxc5 15.
Be3 Bb6 16. Bxb6 Qxb6 17. Qe2 Qc7 18. Qe3 b6 19. Rac1 Nc5 20. Bb1 Ba6 21. Nf6+
Ke7 22. Nh5 Nd7 23. b3 Qb7 24. c4 dxc4 25. bxc4 Nc5 26. Nxg5 hxg5 27. Qxg5+ Kd7
28. Red1+ Kc7 29. Qf6 Raf8 30. Ng3 Nd7 31. Qf4 Ncxe5 32. Rxd7+ Kxd7 33. Rd1+
Nd3 34. Rxd3+ Kc8 35. Rd4 Qc7 36. Qxc7+ Kxc7 37. f4 Rd8 0-1

[Event "VII Trofeo Giovanni Pico A"]
[Site "Mirandola ITA"]
[Date "2014.01.11"]
[Round "2"]
[White "Calcagnile, Alessandra"]
[Black "Bianchin, Raffaele"]
[WhiteElo "1548"]
[BlackElo "1761"]
[Result "0-1"]
[PlyCount "71"]
[EventDate "2014.01.10"]

1. c4 c5 2. Nc3 d6 3. g3 Nf6 4. Bg2 Nc6 5. e4 g6 6. Nge2 Bg4 7. O-O Ne5 8. d3
Nf3+ 9. Kh1 Qd7 10. Qa4 Qxa4 11. Nxa4 Nxh2 12. Kxh2 Bxe2 13. Re1 Bg4 14. f3 Bd7
15. Nc3 e5 16. Nd5 Nxd5 17. exd5 O-O-O 18. b3 Bg7 19. Rb1 h5 20. Bb2 h4 21. g4
g5 22. Bh3 Rhf8 23. Bc1 Bh6 24. Rb2 f5 25. Rg2 fxg4 26. fxg4 Rf3 27. Re3 Rdf8
28. Rxf3 Rxf3 29. Rd2 Kd8 30. Kg2 Rg3+ 31. Kh2 Bxg4 32. Bxg4 Rxg4 33. Rf2 Ke7
34. Rf5 Rg3 35. Bd2 Rxd3 36. Rxg5 0-1

[Event "VII Trofeo Giovanni Pico A"]
[Site "Mirandola ITA"]
[Date "2014.01.11"]
[Round "2"]
[White "Campini, Marco"]
[Black "Sasdelli, Massimo"]
[WhiteElo "2076"]
[BlackElo "1842"]
[Result "1-0"]
[PlyCount "147"]
[EventDate "2014.01.10"]

1. e4 e5 2. Nc3 Nc6 3. g3 Nf6 4. Bg2 Bc5 5. Na4 Be7 6. Ne2 d5 7. exd5 Nxd5 8.
O-O O-O 9. a3 Be6 10. b4 Nf6 11. d3 Bd5 12. f3 Qc8 13. Be3 Rd8 14. Qe1 Be6 15.
Nc5 Bxc5 16. Bxc5 Bh3 17. Qf2 Bxg2 18. Kxg2 b6 19. Be3 Qe6 20. Rfe1 Nd5 21. Bc1
Qg6 22. Kh1 Rd7 23. Bb2 f6 24. b5 Na5 25. Nc3 Nxc3 26. Bxc3 Nb7 27. f4 exf4 28.
Qxf4 Nd6 29. Qf3 Rad8 30. a4 Qf5 31. Qc6 Qc5 32. Qxc5 bxc5 33. Re6 Re8 34.
Rxe8+ Nxe8 35. Kg2 Kf7 36. Re1 Nd6 37. g4 Re7 38. Kf3 Rxe1 39. Bxe1 g6 40. Bf2
Nb7 41. d4 cxd4 42. Bxd4 Ke6 43. Bxa7 Kd5 44. Bb8 c6 45. c4+ Kc5 46. Ba7+ Kxc4
47. bxc6 Nd6 48. Bb6 Nc8 49. Bd8 Kc5 50. c7 Kc6 51. Bxf6 Kxc7 52. Kf4 h5 53.
gxh5 gxh5 54. Kg5 Kb6 55. Kxh5 Kc6 56. Be5 Kd5 57. Bg3 Ke6 58. Kg6 Ne7+ 59. Kg7
Kd7 60. Kf7 Nf5 61. Bf4 Nh4 62. Kf6 Nf3 63. h3 Kc8 64. Kf5 Nh4+ 65. Kg4 Ng2 66.
Bg3 Ne3+ 67. Kf4 Nd5+ 68. Kg5 Ne7 69. Bd6 Nd5 70. h4 Kd7 71. Be5 Ne7 72. h5 Ke6
73. h6 Kxe5 74. h7 1-0

[Event "VII Trofeo Giovanni Pico A"]
[Site "Mirandola ITA"]
[Date "2014.01.11"]
[Round "2"]
[White "Cartegni, Aldo"]
[Black "Guzzetti, Luigi Enrico"]
[WhiteElo "1447"]
[BlackElo "1907"]
[Result "0-1"]
[PlyCount "82"]
[EventDate "2014.01.10"]

1. d4 Nf6 2. Nf3 g6 3. Nc3 Bg7 4. e4 d6 5. h3 O-O 6. Be3 c6 7. Qd2 Qc7 8. Be2
Nbd7 9. g4 e5 10. d5 cxd5 11. Nxd5 Nxd5 12. Qxd5 Qxc2 13. Nd2 Nf6 14. Qb3 Qxb3
15. axb3 a6 16. b4 h6 17. f3 Be6 18. Nc4 Bxc4 19. Bxc4 Rac8 20. Bb3 Rfd8 21.
Rc1 Rxc1+ 22. Bxc1 d5 23. exd5 Nxd5 24. Kf2 Nxb4 25. Ke2 b5 26. Rd1 Rxd1 27.
Bxd1 Kf8 28. Bd2 Nc6 29. b3 Ke7 30. Ke3 Bf6 31. Ke4 Bg5 32. Be1 Ke6 33. b4 f5+
34. Kd3 Be7 35. Bb3+ Kf6 36. gxf5 Kxf5 37. Ke3 Bxb4 38. Bc2+ Kf6 39. Bg3 a5 40.
Ke4 Bc3 41. Kd5 Nb4+ 0-1

[Event "VII Trofeo Giovanni Pico A"]
[Site "Mirandola ITA"]
[Date "2014.01.11"]
[Round "2"]
[White "Cavicchi, Francesco"]
[Black "Rondelli, Roberto"]
[WhiteElo "1705"]
[BlackElo "1729"]
[Result "1/2-1/2"]
[PlyCount "71"]
[EventDate "2014.01.10"]

1. d4 e6 2. c4 d5 3. e3 Nf6 4. Nf3 c5 5. Nc3 Nc6 6. a3 cxd4 7. exd4 Be7 8. Bf4
a6 9. h3 dxc4 10. Bxc4 b5 11. Be2 Bb7 12. b4 Nd5 13. Nxd5 Qxd5 14. Be3 Bf6 15.
Qd2 O-O 16. Rd1 Rfd8 17. Qb2 Ne7 18. O-O Rac8 19. Rd2 Qc6 20. Bd3 Qc3 21. Qb1
Bd5 22. Rc2 Qxa3 23. Bxh7+ Kf8 24. Bd3 Rxc2 25. Bxc2 Rc8 26. Be4 Bxe4 27. Qxe4
Nd5 28. Ne5 Qxb4 29. Nd7+ Kg8 30. Nxf6+ Nxf6 31. Qb7 Rc2 32. Qxa6 Qb2 33. Qa8+
Kh7 34. Qf3 b4 35. g4 Kg8 36. Qa8+ 1/2-1/2

[Event "VII Trofeo Giovanni Pico A"]
[Site "Mirandola ITA"]
[Date "2014.01.11"]
[Round "2"]
[White "Ferronato, Christian"]
[Black "Santamato, Luigi"]
[WhiteElo "1503"]
[BlackElo "1743"]
[Result "0-1"]
[PlyCount "76"]
[EventDate "2014.01.10"]

1. d4 d5 2. Nf3 Nf6 3. c4 c6 4. e3 e6 5. Bd3 dxc4 6. Bxc4 b5 7. Bd3 Bb7 8. O-O
Nbd7 9. Nbd2 a6 10. b3 c5 11. Bb2 Be7 12. Rc1 O-O 13. Bb1 Rc8 14. Qe2 Nd5 15.
Rfd1 Qb6 16. Ne5 Nxe5 17. dxe5 Rfd8 18. Qh5 g6 19. Qe2 Bf8 20. h4 Ne7 21. h5
Nf5 22. hxg6 hxg6 23. Bxf5 exf5 24. e4 Qc6 25. f3 f4 26. e6 Qxe6 27. Qf2 g5 28.
g4 f6 29. Kg2 Rd7 30. Rh1 Rcd8 31. Rc2 Rd3 32. Kf1 R8d7 33. Ke2 Qd6 34. Bc1
Re3+ 35. Kd1 Qd3 36. Qh2 Bg7 37. Qh7+ Kf8 38. Rh2 Qf1# 0-1

[Event "VII Trofeo Giovanni Pico A"]
[Site "Mirandola ITA"]
[Date "2014.01.11"]
[Round "2"]
[White "Guaragno, Michele"]
[Black "Di Biccari, Alessandro"]
[WhiteElo "1965"]
[BlackElo "1509"]
[Result "1-0"]
[PlyCount "81"]
[EventDate "2014.01.10"]

1. e4 e5 2. Nf3 Nc6 3. Bc4 Bc5 4. O-O Nf6 5. d3 d6 6. c3 Bg4 7. a4 a6 8. Bg5
O-O 9. h3 Bh5 10. Nbd2 h6 11. Bh4 Re8 12. b4 Bb6 13. a5 Ba7 14. Qb3 Qe7 15. b5
axb5 16. Bxb5 Red8 17. a6 Rab8 18. Bxc6 bxc6 19. Qa4 Rb6 20. Nc4 Rb5 21. Na5
Qd7 22. Qd1 Ra8 23. Nc4 Rab8 24. Bxf6 gxf6 25. Nfxe5 Qxh3 26. gxh3 Bxd1 27.
Nxc6 Rg5+ 28. Kh2 Be2 29. Nxb8 Bxb8 30. Rg1 Ba7 31. Rxg5+ fxg5 32. Kg2 Bxd3 33.
Nd2 Kg7 34. Kf3 Kf6 35. Nb3 Ke5 36. Ra5+ Ke6 37. Nd4+ Kd7 38. Nb5 Kc6 39. Nxa7+
Kb6 40. Nc8+ Kxa5 41. a7 1-0

[Event "VII Trofeo Giovanni Pico A"]
[Site "Mirandola ITA"]
[Date "2014.01.11"]
[Round "2"]
[White "Khudovekov, Nikolay"]
[Black "Lambruschi, Daniele"]
[WhiteElo "1733"]
[BlackElo "1482"]
[Result "1-0"]
[PlyCount "77"]
[EventDate "2014.01.10"]

1. d4 d5 2. Nf3 Nf6 3. e3 e6 4. Bd3 Nc6 5. O-O Be7 6. b3 O-O 7. Bb2 Nb4 8. Be2
Re8 9. Ne5 Nd7 10. f4 Nxe5 11. fxe5 c5 12. a3 Nc6 13. Bd3 Rf8 14. Nd2 Qb6 15.
Nf3 c4 16. Be2 cxb3 17. cxb3 Bd7 18. b4 Rac8 19. Bd3 Nd8 20. Qe2 Ba4 21. Rac1
Rxc1 22. Rxc1 h6 23. Kh1 Bd7 24. Nd2 Nc6 25. Nb3 Qd8 26. Nc5 b6 27. Nxd7 Qxd7
28. Bb5 Rc8 29. Qc2 a6 30. Bxa6 Na7 31. Bxc8 Qb5 32. Qc7 Qe2 33. Qxe7 Qxb2 34.
Qe8+ Kh7 35. Rg1 Qc3 36. Bd7 Qxa3 37. Qxf7 Qd3 38. Bxe6 Qg6 39. Qg8# 1-0